Veda a výskum na Slovensku v kontexte Lisabonskej stratégie

Konkretizácia Lisabonskej stratégie pre potreby Slovenskej republiky. Štrukturálne reformy ako predpoklady pre dlhodobý a udržateľný rast. Projekt Minerva ako vládny program rozvoja znalostnej ekonomiky SR. Akčný plán Veda, výskum a inovácie. Financovanie vedy a výskumu na Slovensku. Vývoj celkových...

Description complète

Enregistré dans:
Détails bibliographiques
Auteur principal: Gonda, Vladimír
Format: Chapitre de livre
Langue:slovaque
Sujets:
Tags: Ajouter un tag
Pas de tags, Soyez le premier à ajouter un tag!

MARC

LEADER 00000nla$a2200000$$$4500
001 0048509
005 20240502071546.5
041 0 |a slo 
044 |a SK 
245 1 0 |a Veda a výskum na Slovensku v kontexte Lisabonskej stratégie  |c Vladimír Gonda 
520 |a Konkretizácia Lisabonskej stratégie pre potreby Slovenskej republiky. Štrukturálne reformy ako predpoklady pre dlhodobý a udržateľný rast. Projekt Minerva ako vládny program rozvoja znalostnej ekonomiky SR. Akčný plán Veda, výskum a inovácie. Financovanie vedy a výskumu na Slovensku. Vývoj celkových výdavkov na výskum a vývoj od roku 1999 do roku 2004. Vybrané problémy rozvoja vedy a výskumu v SR. Únik mozgov. Finančné nedocenenie vedeckých pracovníkov. 
610 2 0 |a spoločnosť informačná 
610 2 0 |a prostredie podnikateľské 
610 2 0 |a veda 
610 2 0 |a výskum 
610 2 0 |a vzdelávanie 
610 2 0 |a investície 
610 2 0 |a reformy štruktúrne 
610 2 0 |a rozvoj hospodársky 
100 1 |a Gonda, Vladimír